000 00994nam a22003017a 4500
001 5399
003 FISKH
005 20241203100929.0
008 241203b cb ||||| |||| 00| 0 eng d
020 _a9780439649315
040 _aFISKH
_beng
_cFISKH
_dFISKH
050 _aPZ7.C8615
082 _a813.54
100 _aCreech, Sharon
245 _aGranny Torrelli Makes Soup /
_cby Sharon Creech
250 _aFirst Scholastic paperback printing, February 2005
260 _aNew York :
_bScholastic ;
_c2003.
300 _a141 pages :
_billustrations ;
_c20 cm .
505 _aT
520 _aWith the help of her wise old grandmother, twelve-year-old Rosie manages to work out some problems in her relationship with her best friend, Bailey, the boy next door.
521 8 _a810
_bLexile
521 8 _aT
_bRaz-Plus
650 _adisabilities
_vFiction
650 _agrandmothers
_vFiction
700 _aRacshka, Chris
_eartist
942 _2ddc
_cBK
_n0
999 _c5399
_d5399